[Event "San Salvador zt"]
[Site "San Salvador"]
[Date "1998.11.15"]
[Round "9"]
[White "Murillo Tsijli, Alexis"]
[Black "Hernandez Guerrero, Gilberto Eduardo"]
[Result "1-0"]
[WhiteElo "2420"]
[BlackElo "2520"]
[Annotator "Murillo,A"]
[PlyCount "81"]
[EventDate "1998.11.05"]
[EventType "swiss"]
[EventRounds "9"]
[EventCountry "ESA"]
[SourceTitle "CBM 067 Extra"]
[Source "ChessBase"]
[SourceDate "1999.01.01"]
[SourceVersion "1"]
[SourceVersionDate "1999.01.01"]
[SourceQuality "1"]

1. e4 c5 2. Nf3 e6 3. d4 cxd4 4. Nxd4 Nc6 5. Nxc6 bxc6 6. Bd3 {
Theoriediskussionen kann ich normalerweise nichts abgewinnen, deshalb wählte
ich dieses scheinbar harmlose System. Außerdem schien es mir nicht ratsam,
mich auf scharfe Abspiele einzulassen, in denen ein aktiver Profi-Großmeister
zweifellos Wissensvorsprung besaß. A mí normalmente no me gusta la discusión
teórica. Por eso adopté este sistema que parece ser inofensivo. Además, no
sería prudente entrar en líneas agudas en las que un Gran Maestro profesional
y activo llevará la ventaja de tener mayor conocimiento.} Nf6 7. O-O d5 8. Nc3
$5 (8. Nd2 {ist elastischer. es más elástica.}) 8... Be7 9. Re1 d4 ({Natürlich
hat Schwarz keine Lust auf die Position nach Claro está que las negras no
querrán defender una posición como} 9... O-O 10. e5 Nd7 11. Qh5 {mit kleinem,
aber eindeutigem weißen Vorteil, da ja seine Qualifikation für Las Vegas auf
dem Spiel steht. . , con pequeña pero muy clara ventaja para las blancas, ya
que está en juego su clasificación a Las Vegas.}) 10. Nb1 $1 e5 11. Nd2 Bg4 12.
f3 Be6 13. Nc4 Nd7 14. f4 exf4 15. Bxf4 O-O 16. e5 $6 ({Besser ist Es mejor} 
16. Qd2 {mit geringem weißen Übergewicht. que consolida la pequeña ventaja de
las blancas.}) 16... Nc5 17. Bf1 Na4 $5 {Mit diesem Zug verschärft Schwarz das
Spiel. Ich hatte das Gefühl, das dies nicht völlig korrekt sein konnte. Weiß
hat zwei Möglichkeiten. Er kann denn Damenflügel schwächen, um unmittelbaren
Bauernverlust zu vermeiden.  Oder er kann seinem Gegner Materialgewinn
gestatten, damit sein Springer vom Spiel ausgeschlossen bleibt. Meine
Intuition und die Gewißheit, daß Hernández keine Varianten mit Remischarakter
spielen würde, verleiteten mich zu einer sehr riskanten Idee. Con esta jugada
las negras agudizan el juego. Yo sentí que esto no podía ser del todo correcto.
Ahora las blancas tienen dos opciones. La primera es debilitar el flanco para
evitar pérdidas materiales inmediatas. La segunda es permitir a las negras
alguna ganancia material para que el caballo quede fuera de juego. Mi
intuición junto a la seguridad de que Hernández no jugaría variantes que
pudieran dar carácter de tablas la partida, me llevaron a ensayar una idea muy
arriesgada.} 18. Nd6 $5 (18. b3 Bxc4 19. bxc4 {führt zu einer sehr unklaren
Stellung. resultaría en una posición muy difícil de evaluar.}) 18... Qb6 (18...
Nxb2 19. Qxd4) 19. Rb1 $5 {Damit wollte ich den Großmeister provozieren. Er
wird eingeladen, sich auf a2 und b2 zu bedienen, damit seine Figuren am
Damenflügel abgelenkt sind und ich zu Aktionen am Königsflügel übergehen kann.
Die Schwierigkeit besteht allerdings darin, den Springer auf b2 im Zaum zu
halten, wenn er dort erst einmal steht. Esto es una provocación al Gran
Maestro. Le invito a tomar los peones b2 y a2 para divertir sus piezas en el
flanco de dama para trasladar las acciones al de rey. Pero el meollo del
asunto radica en lograr mantener dominado al caballo negro una vez que se
instale en b2.} (19. b3 Nc3 20. Qd3 {ist vermutlich einen Tick besser für Weiß.
da probablemente una pequeña ventaja a las blancas.}) 19... Rab8 (19... Bxa2
20. Nf5 $16) 20. Kh1 Nxb2 21. Qh5 Qa5 $1 {Sehr gut. Der Nachziehenden läßt
sich von der kleinen weißen Offensive am Königsflügel nicht einschüchtern.
Está muy bien. Las negras no se dejan intimidar por la pequeña ofensiva de las
blancas en el flanco de rey.} 22. Nf5 $1 {Dies ist die "harmlose" Idee des
Weißen. Er erhält das Läuferpaar für einen Bauern, und durch die Kontrolle
über die weißen Felder bleibt der Springer b2 aus dem Spiel. Esta es la
"inofensiva" idea de las blancas. Obtienen el par de alfiles por un peón y el
control sobre las casillas blancas permite mantener al caballo amarrado en la
casilla b2.} (22. Ne4 $2 f6 $1 {mit schwarzem Vorteil. con ventaja de las
negras.}) 22... Bxf5 23. Qxf5 Qxa2 24. Qe4 $1 ({Verhindert den Zug ...Sd3 und
beugt dem Damentauschangebot ...De6 vor. Prevé el salto de caballo a d3, al
tiempo que se adelanta al golpe de las damas luego de ..Qe6.} 24. Ra1 Qe6 25.
Qe4 Bc5 $1) 24... Rb4 $6 (24... Qd5 $5 25. Qxd5 cxd5 {Xd5}) 25. Bd2 Rb6 26. Ra1
$1 (26. Qxd4 {gibt ebenfalls gute Kompensation, aber ich wollte ein einziges
Mal einen Turm auf der siebten Reihe haben. también da buena compensación,
pero yo preferrí entrar de una buena vez en la séptima con la torre.}) 26...
Qe6 $6 ({Zum zweiten Male verwirft Schwarz ...Dd5, wonach er einen Stützpunkt
auf c4 bekäme. Dies hat psychologische Ursachen. Leichten Vorteil zu haben,
ist ihm zu wenig, er möchte schnell mehr. Erinnern wir uns, daß sich Hernandez
mit einem Sieg in dieser Partie für das Finale qualifizieren würde. Por
segunda vez se niega a hacer ..Qd5, que le daría una base en c4. Las
consideraciones son psicológicas. En lugar de buscar una partida con pequeña
ventaja quiere obtener rápidamente más. Recordemos que si Hernández gana esta
partida clasificaba a la final.} 26... Qd5 27. Qxd5 cxd5 28. Rxa7 {Xd5}) 27.
Rxa7 {Weiß hat sehr gute Kompensation für den Bauern, hauptsächlich wegen des
schlechten Springers auf b2. Las blancas tienen muy buena compensación por el
peón, debido principalmente al débil caballo en b2.} c5 28. c3 {Eine
Konsolidierung der Bauern darf man nicht zulassen. No hay que permitir que los
peones se consoliden.} Rd8 29. Rea1 {Nach Lehrbuch gespielt: auf offenen
Linien soll man die Türme verdoppeln. Siguiendo la regla de los libros de
texto: hay que doblar las torres en las columnas abiertas.} f5 $6 (29... Bf8)
30. Qf4 d3 ({Ich muß zugeben, dieser Zug von Hernández erfüllt mich mit
seltsamer Zuversicht. Er hilft mir, den Springer nicht ins Spiel kommen zu
lassen - das Hauptthema der Partie. Mit Debo decir que al ver a Hernández
hacer este movimiento me llené de una confianza extraña. Resulta que me ayuda
a llevar a feliz término mi plan de no permitir que el caballo b2 juegue. El
tema principal de la partida está por dar sus frutos. Sin embargo, tampoco era
mejor el intento} 30... dxc3 31. Bxc3 Nd3 {einen Befreiungsversuch zu starten
war allerdings auch nicht besser wegen para salir de ese tema debido a} 32.
Bxd3 Rxd3 33. Rxe7 Qd5 (33... Qxe7 34. Qc4+) 34. Qxf5 Rd1+ 35. Be1 Rf6 36. Qc8+
Rf8 37. Re8) 31. Rc7 {Droht auf der siebten Reihe zu verdoppeln. Amenaza
doblar las torres en séptima.} Rc8 32. Rxc8+ Qxc8 33. g4 $1 ({Vielleicht war
Puede que} 33. g3 {objektiv gesehen der korrekte Zug. Aber das ist für mich
persönlich nicht ausschlaggebend. Das Grundthema ist, den Läufer f1 zu
aktivieren, die Figur, die dem Springer so überlegen ist. Das Anrempeln von f5
mit dem g-Bauern schafft konkrete Drohungen am Königflügel, und das kostet
meinen gegenübersitzenden Kontrahenden Nerven. Außerdem beweist der Zug 34.h4!
in der nächsten Anmerkung die Korrektheit des weißen Vorgehens. sea del todo
correcta desde un punto de vista objetivo. Pero personalmente tengo mis
reservas a aceptar tal cosa. El tema básico es activar el alfil f1, que es el
que lleva la ventaja sobre el caballo. Golpear en f5 con el peón g crea
amenazas concretas sobre el flanco de rey y sobre los nervios del adversario
que tengo sentado en frente. Además, el hecho de que exista la jugada 34.h4!
que se explicará en el próximo párrafo, demuestra la corrección de la jugada
blanca.}) 33... h6 34. Bg2 $6 ({Voller Zuversicht gespielt. Mit dem genauen
Zug Esta jugada está llena de fe. Con la jugada exacta} 34. h4 $1 $16 {konnte
der Anziehende nachweisen, daß seine Einschätzung näher an der Wahrheit liegt,
zum Beispiel las blancas demostrarían con absoluta corrección que su
evaluación es la más apegada a la verdad, v.gr.} Bxh4 (34... Ra6 35. Rxa6 Qxa6
36. Bg2 $1 $18) 35. Bg2 Bg5 36. Bd5+ Kh8 (36... Kh7 37. Qf2 Bxd2 38. e6 $16) (
36... Kf8 37. Ra8 $18) 37. Qxf5 Qxf5 38. gxf5 Rb8 (38... Bxd2 39. Ra8+ Kh7 40.
Bg8+ Kh8 41. e6 $18) 39. Bxg5 hxg5 40. Kg2 $1 g6 41. f6 $18) 34... Rb8 $2 ({
Der durch den Verlauf der Dinge in Panik geratene Nachziehende nutzt nicht die
ihm vom Weißen gestattete Atempause Las negras llenas del pánico provocado por
el repentino giro de los acontecimientos no aprovechan el respiro que les
ofrecieron las blancas con} 34... Bg5 35. Bd5+ Kh8 $1 {, wonach eine Position
entsteht, deren Einschätzung man fast unmöglich mit konkreter
Variantenberechnung belegen kann. Aber gerade in solchen Stellungstypen
gewinnt meiner Meinung nach nicht der Spieler, der besser rechnet, sondern der,
der sich auf seine Intuition und Inspiration verläßt. llegándose a una
posición que me parece casi imposible de evaluar basándose en cálculo concreto
de variantes. Pero debo decir que es precisamente en este tipo de posiciones
donde el que gana no es el que calcula mejor, sino el que tiene la intuición y
la inspiración encendidas.} (35... Kf8 36. Ra8) (35... Kh7 36. Qf2 Bxd2 37. e6)
) 35. Bd5+ Kh8 {Die folgende Sequenz hatte ich in weniger als zwei Minuten
durchgerechnet, was beweist, daß ich wenigstens an diesem Tag Intuition und
Inspiration auf meiner Seite hatte. la secuencia que sigue la calculé en menos
de dos minutos, lo cual demuestra que al menos yo sí tenía la intuición y la
inspiración de mi parte ese día.} 36. e6 Bg5 37. Qe5 $1 Bxd2 38. Ra7 Qg8 39. e7
$1 Qe8 (39... Bf4 40. Qxb8 $1 Bxb8 41. Bxg8 d2 42. Bb3) 40. Qxb8 $1 Qxb8 41.
Ra8 {und hier gab Hernández auf, womit ich die 6 Punkte erzielt hatte, die
mich zum Internationalen Meister machten. y aquí Hernández se rindió y yo
logré los 6 puntos que necesitaba para transformarme así en Maestro
Internacional.} 1-0

[Event "Foros Aerosvit 3rd"]
[Site "Foros"]
[Date "2008.06.10"]
[Round "3"]
[White "Nisipeanu, Liviu Dieter"]
[Black "Ivanchuk, Vassily"]
[Result "1/2-1/2"]
[WhiteElo "2684"]
[BlackElo "2740"]
[Annotator "Nisipeanu,LD"]
[PlyCount "83"]
[EventDate "2008.06.08"]
[EventType "tourn"]
[EventRounds "11"]
[EventCountry "UKR"]
[EventCategory "19"]
[SourceTitle "CBM 125"]
[Source "ChessBase"]
[SourceDate "2008.07.30"]
[SourceVersion "1"]
[SourceVersionDate "2008.07.30"]
[SourceQuality "1"]

1. e4 c5 2. Nf3 e6 3. d4 cxd4 4. Nxd4 Qb6 {A big surprise for me. Some years
ago I was considering including this line in my repertoire. But since I was
playing a lot of open tournaments in those days, drawing in 6 moves, even as
Black, was simply not an option. Eine Riesenüberraschung für mich. Einige Jahr
zuvor hatte ich überlegt, dieses Abspiel in mein Repertoire aufzunehmen. Aber
da ich damals sehr viele Opens spielte, kam Remisieren in 6 Zügen, selbst als
Schwarzer, einfach nicht in Frage.} 5. Nb3 (5. Nc3 Bc5 6. Na4 Qa5+ 7. Nc3 {
and since Nb3 is a threat, Black has to play Qb6 with a repetition of moves.
und da Nb3 eine Drohung ist, muss Schwarz mit Qb6 die Züge wiederholen.} (7. c3
Bxd4 8. Qxd4 Nf6 9. Nc5 Nc6 10. Qe3 O-O {is the main line, but it always
seemed unconvincing to me. ist das Hauptabspiel, schien mir aber nie
überzeugend zu sein.})) ({For a while, I was trying to remember what was wrong
with Eine Zeitlang versucht ich mich zu entsinnen, wo der Haken bei} 5. Be3 Bc5
(5... Qxb2 6. Nd2 {seems dangerous for Black. wirkt gefährlich für Schwarz.})
6. Nd2 $2 Bxd4 7. Nc4 {and then it hit me: liegt, und dann fiel der Groschen:}
Bxe3 $1 (7... Qb4+ $6 8. c3 Bxc3+ 9. bxc3 Qxc3+ 10. Bd2 $36) 8. Nxb6 Bxb6 $17)
5... Qc7 6. Bd3 Nf6 7. O-O d6 (7... d5 8. Nc3 dxe4 9. Nxe4 Nxe4 10. Bxe4 {
happened in Zhang Pengxiang-Bauer in 2006 and White seems better here. geschah
in Zhang Pengxiang-Bauer im Jahr 2006, und hier scheint Weiß besser zu stehen.}
) 8. c4 {Ivanchuk played a great tournament in Sofia, but the only game in
which he was in real danger, the game against Bu, featured the hedgehog
structures. This influenced my choice, allthough more critical is Nc3 followed
by f4. Ivanchuk spielte ein großartiges Turnier in Sofia, aber die einzige
Partie, in der er wirklich in Gefahr schwebte, die gegen Bu, beinhaltete
Igel-Strukturen. Dies beeinflusste meine Wahl, obwohl Nc3 nebst f4 eigentlich
kritischer ist.} Be7 9. Nc3 O-O 10. Be3 b6 $1 (10... a6 11. a4 {followed by a5
is unpleasant for Black. nebst a5 ist unangenehm für Schwarz.}) 11. a4 {
This is risky with the black knight still on b8, but how else do I justify the
Nb3? Dies ist riskant, solange der schwarze Springer noch auf b8 steht, aber
wie sonst soll ich den Nb3 rechtfertigen?} ({Maybe Vielleicht ist} 11. Nb5 $5
Qd8 12. a4 Bb7 13. f3 {/\ a5 is better than the game. besser als die Partie.})
11... Nc6 12. a5 bxa5 (12... Nxa5 13. Nxa5 bxa5 {allows erlaubt} 14. Qa4 (14.
Nb5 $6 Qb7 15. Rxa5 a6 $1 (15... Nxe4 16. Qc2 Nf6 17. Nxa7 $14) 16. Nc3 Qxb2
17. Nb5 Bd7 18. Bd4 Qb4 19. Ra4 Qxa4 20. Qxa4 axb5 $15 {only Black can try to
win this position. und nur Schwarz kann in dieser Stellung Gewinnversuche
unternehmen.}) 14... Ng4 15. Bf4 $13) 13. Nb5 Qb8 $1 ({If Auf} 13... Qb7 {
then sichert} 14. N5d4 {secures White's advantage. den weißen Vorteil.}) 14.
Nxa5 Nxa5 15. Rxa5 a6 16. Nd4 Qxb2 17. c5 $5 {I lost most of my remaining time
deciding on this move. The position seemed very promising to me, but I could
not find any advantage for White during the game and even after analysing with
'technical' help. Über diesem Zug verlor ich den Großteil meiner restlichen
Bedenkzeit. Die Stellung schien mir sehr vielversprechend, aber ich konnte
während der Partie keinen Vorteil für Weiß finden - und auch danach mit
'technischer' Hilfe nicht.} (17. Nc6 Qb7 18. Qa4 Ng4 19. Rb1 Qd7 20. Nxe7+ Qxe7
21. Bd4 $44) 17... dxc5 $5 {My opponent was also in a fighting mood. Mein
Gegner war ebenfalls in Kampfstimmung.} ({I was expecting Ich erwartete} 17...
Bd8 $5 18. Ra1 dxc5 19. Rb1 Qa3 20. Nc6 Bd7 21. Ra1 $11) 18. Nc6 Re8 19. e5 ({
Possibly stronger was Stärker war womöglich} 19. Nxe7+ Rxe7 20. Rxc5 Rd7 $1 (
20... Bb7 21. e5 Nd5 22. Bd4 Qa3 23. Qc2 $36) 21. e5 Ne4 $1 22. Rc2 (22. Bxe4
Rxd1 23. Rxd1 Bb7 24. Rb1 Rd8 $1 25. h4 Qxb1+ 26. Bxb1 Rd1+ $15) 22... Qb4 23.
Rc4 Qxc4 24. Bxc4 Rxd1 25. Rxd1 Bb7 26. Rd7 Bd5 $11) 19... Nd5 20. Nxe7+ Rxe7
21. Bxc5 Rc7 $5 {Intuition or excellent calculation skills? Considering the
amount of time Ivanchuk spent here, I strongly suspect that his decision
relied on calculation. Intuition oder ausgezeichnete Rechenfähigkeit? In
Anbetracht der Bedenkzeit, die Ivanchuk hier investierte, vermute ich stark,
dass seine Entscheidung auf letzterem fußte.} (21... Rd7 {is also posible,
since ist gleichfalls möglich, denn} 22. Bxh7+ $5 (22. Bd6 Bb7 $11) 22... Kxh7
23. Qh5+ Kg8 24. Ra4 Qd2 (24... g6 $2 25. Qh6 Ne7 26. Bxe7 Rxe7 27. Qg5 $18) (
24... Bb7 25. Rh4 f5 (25... f6 $2 26. Qh7+ Kf7 27. Rg4 $18) 26. Qh7+ Kf7 27.
Rh6 Qxe5 28. Qg6+ Kg8 29. Qh7+ $11) 25. Be3 Nxe3 26. Rh4 Kf8 27. Qg5 Kg8 {
is only a draw. ist nur Remis.}) ({The most natural move Der höchst natürlich
Zug} 21... Qc3 $2 {is losing after the surprising verliert nach dem
überraschenden} 22. Bxh7+ $3 Kxh7 23. Ra3 $1 Qxc5 (23... Qxe5 24. Bxe7 Nxe7 25.
Rh3+ Kg6 26. Qg4+ Kf6 27. Qf3+ $18) 24. Qh5+ Kg8 25. Rh3 f6 26. exf6 $18) 22.
Bd6 Rc3 23. Ra4 ({More restrained was Zurückhaltender war} 23. Ra1 Qb3 24. Be4
Qxd1 25. Rfxd1 Bd7 $11) 23... h6 $1 (23... Bb7 $2 24. Bxh7+ Kxh7 25. Rh4+ Kg8
26. Qh5 f5 27. Qh7+ Kf7 28. Rh6) ({The solid Das solide} 23... g6 {would
actually increase my attacking chances after würde tatsächlich nur meine
Angriffschancen erhöhen nach} 24. h4 $1 (24. Ra1 Qb3 25. Be4 {with a probable
draw mit vermutlichem Remis}) 24... Bb7 25. h5 Bc6 26. hxg6 hxg6 27. Rg4 Kg7 {
and here White can choose between a draw with Bxg6 followed by Rxg6 or try
playing on with , und hier kann Weiß sich entscheiden, ob er remisieren will
mit Bxg6 nebst Rxg6 oder weiterspielen mit} 28. Be4 Rh8 29. Bxd5 Bxd5 30. Be7
Rh5 31. Rb4 Rb3 32. Rxb3 Qxb3 33. Qxb3 Bxb3 34. Bf6+ Kf8 35. g4 Rh3 36. f3 {
although Black should hold this too. , obwohl Schwarz sich auch hier halten
sollte.}) 24. Rg4 $6 {I was in time trouble already, but I just could not stop
going for the black king. Ich war bereits in Zeitnot, aber ich konnte einfach
nicht vom schwarzen König lassen.} (24. Ra1 $11) 24... Bd7 $1 25. Rg3 {During
the game, I thought that White has a winning attack here. Während der Partie
dachte ich, dass Weiß hier siegreichen Angriff hätte.} (25. Be4 $2 Bb5 26.
Rxg7+ Kxg7 27. Qg4+ Kh8 28. Qh5 Qc1 $19) 25... Bb5 26. Qg4 g5 {I completely
missed this simple move and I must admit, that I was simply lucky to survive
after this. Diesen einfachen Zug hatte ich völlig übersehen, und ich muss
zugeben, dass ich danach einfach nur mit Glück überlebte.} 27. Qh5 $1 {There
was no choice, because Es gab keine Wahl, denn} (27. Bxb5 axb5 28. Qh5 Rxg3 29.
fxg3 Qd4+ $19 {is painful to even look at. tut schon beim Zuschauen weh.})
27... Bxd3 28. Qxh6 Bg6 29. Rxg5 Nf4 30. Rg4 Rc1 31. Qxf4 Rxf1+ 32. Kxf1 Qb1+
33. Ke2 Qd3+ 34. Ke1 Rc8 {This looks decisive, but amazingly there is no mate.
Dies sieht entscheidend aus, aber überraschenderweise gibt es kein Matt.} 35.
Bb4 $8 a5 36. Bd2 Rb8 37. Qc4 (37. f3 Rb1+ 38. Kf2 Rb2 39. Ke1 a4 {looked bad
to me during the game, but White holds with schien mir während der Partie
schlecht, aber Weiß hält sich mit} 40. Qh6 Rb1+ (40... a3 $6 41. Rh4 Bh7 42.
Ra4 $16) 41. Kf2 Rb2 $11) 37... Rb1+ 38. Bc1 Qf5 39. f3 Qxe5+ 40. Kf2 $11 Rb4
41. Qc8+ Kh7 42. h3 1/2-1/2